| 000 | 00469nam a2200169Ia 4500 | ||
|---|---|---|---|
| 003 | IN-BaIIA | ||
| 008 | 211028s9999 xx 000 0 eng d | ||
| 040 | _cIIA Library | ||
| 100 |
_aPogson, N. R. _9994 |
||
| 245 | 0 |
_aTelegraphic determinations of the difference of longitude between Ranchi _cN. R. Pogson |
|
| 260 |
_aLawrence _c1884 |
||
| 300 | _a82p. | ||
| 650 |
_aLongitude _9995 |
||
| 650 |
_aRanchi _9996 |
||
| 650 |
_aTelegraphic determinations _9997 |
||
| 942 | _cBK | ||
| 999 |
_c433 _d433 |
||